Statistiken für Alle Gerstlauer Infinity Coaster

Klicken Sie hier um das Quiz zu spielen!

Allgemein

  • Dieses Quiz wurde 12 mal gespielt
  • Das Durchschnittsergebnis liegt bei 9 aus 12

Antwortstatistiken

HintAntwort% Korrekt
4Junker
100%
5Karacho
100%
1Fury
83%
2Gold Rush
83%
3HangTime
83%
8Mystic
83%
11Schwur des Kärnan
83%
7Monster
67%
10Pitts Special
67%
12Smiler
50%
6Madagascar Mad Pursuit
33%
9 (Im Bau)Palindrome
33%

Verteilung der Resultate

Perzentil nach korrekt beantworteten Fragen

Anzahl Personen mit jedem Resultat

Ihre Resultats-Entwicklung

Sie haben dieses Quiz noch nicht gespielt